[Event "Zalakarosi Sakkfesztivál open"]
[Site "Zalakaros"]
[Date "2018.05.25"]
[Round "1.30"]
[White "Szabo - Thomka, Daniel"]
[Black "Kernazhitsky, Leonid"]
[Result "0-1"]
[WhiteElo "1852"]
[BlackElo "2250"]
[PlyCount "96"]
[EventDate "2018.05.25"]
[EventType "swiss"]
[EventRounds "9"]
[EventCountry "HUN"]

1. e4 c5 2. Nf3 Nc6 3. d4 cxd4 4. Nxd4 Nf6 5. Nc3 e5 6. Ndb5 d6 7. a4 a6 8. Na3
Be6 9. Bc4 Be7 10. O-O Bxc4 11. Nxc4 Nxe4 12. Nxe4 d5 13. Qg4 dxe4 14. Rd1 Nd4
15. Qxe4 f5 16. Qd3 Qc7 17. Bf4 exf4 18. Qxd4 O-O 19. Qd5+ Kh8 20. Ne5 Bf6 21.
Nd7 Rfd8 22. Qxf5 Bxb2 23. Rab1 Bc3 24. Rd3 Re8 25. Rh3 h6 26. Nc5 Re5 27. Ne6
Qe7 28. Qd3 Rc8 29. Nxf4 Re1+ 30. Rxe1 Qxe1+ 31. Qf1 Qe4 32. Ne2 Bd2 33. Qd1
Rxc2 34. Rb3 Bg5 35. Ng3 Qc6 36. Qg4 Rc1+ 37. Nf1 Rxf1+ 38. Kxf1 Qc1+ 39. Ke2
Qc2+ 40. Kf1 Qxb3 41. Qc8+ Qg8 42. Qxb7 Qc4+ 43. Ke1 Qc3+ 44. Ke2 Qc2+ 45. Kf3
Qd1+ 46. Kg3 Qd6+ 47. Kf3 Qf6+ 48. Ke2 Qe7+ 0-1

[Event "Zalakarosi Sakkfesztivál open"]
[Site "Zalakaros"]
[Date "2018.05.25"]
[Round "1.31"]
[White "Peczely, Sebastian Zsombor"]
[Black "Csiszar, Albert"]
[Result "1-0"]
[WhiteElo "2244"]
[BlackElo "1850"]
[PlyCount "77"]
[EventDate "2018.05.25"]
[EventType "swiss"]
[EventRounds "9"]
[EventCountry "HUN"]

1. e4 e6 2. d4 d5 3. Nc3 c6 4. Be3 f5 5. exd5 exd5 6. Qd2 Nf6 7. O-O-O Bb4 8.
f3 Qa5 9. Kb1 Bxc3 10. Qxc3 Qxc3 11. bxc3 b5 12. Bd3 O-O 13. h3 Nh5 14. g4 f4
15. Bd2 Ng3 16. Rh2 h5 17. Ne2 Nxe2 18. Rxe2 b4 19. cxb4 Ba6 20. Re7 Bxd3 21.
cxd3 hxg4 22. hxg4 Na6 23. a3 Rfe8 24. Rde1 Rxe7 25. Rxe7 Kf8 26. Re5 Nc7 27.
Bxf4 Nb5 28. Rf5+ Kg8 29. Be5 Rf8 30. Rxf8+ Kxf8 31. Kb2 a6 32. Kb3 g6 33. a4
Na7 34. Bd6+ Kf7 35. Bc5 Nc8 36. f4 Ke6 37. b5 cxb5 38. axb5 axb5 39. Kb4 1-0

[Event "Zalakarosi Sakkfesztivál open"]
[Site "Zalakaros"]
[Date "2018.05.25"]
[Round "1.32"]
[White "Klement, Dubravko"]
[Black "Szalanczy, Emil"]
[Result "0-1"]
[WhiteElo "1824"]
[BlackElo "2233"]
[PlyCount "178"]
[EventDate "2018.05.25"]
[EventType "swiss"]
[EventRounds "9"]
[EventCountry "HUN"]

1. d4 Nf6 2. Nf3 g6 3. Bf4 Bg7 4. e3 O-O 5. h3 d6 6. Bd3 Nbd7 7. O-O b6 8. e4
Bb7 9. Nbd2 Nh5 10. Bh2 e5 11. dxe5 Nxe5 12. Nxe5 dxe5 13. Nf3 Qe7 14. Qe2 Rad8
15. Rad1 Rd6 16. Ba6 Ba8 17. Rxd6 cxd6 18. Rd1 Nf6 19. Nd2 Rd8 20. Bc4 Bh6 21.
f3 Nh5 22. Nf1 Qc7 23. Kh1 Bb7 24. Bb3 Qc5 25. Bg1 Qc7 26. Bh2 Nf4 27. Bxf4
Bxf4 28. g3 Bg5 29. h4 Bh6 30. Ne3 Bg7 31. Kg2 h5 32. Bd5 Bc8 33. Qc4 Qd7 34.
Rh1 Bh6 35. Qc3 Qe7 36. Kf2 Bd7 37. Qb3 Rc8 38. c4 Kg7 39. Qd3 Rf8 40. Kg2 Bc8
41. Rd1 Qd7 42. Rh1 Qa4 43. Nc2 f5 44. b3 Qd7 45. Nb4 f4 46. Bc6 Qd8 47. Rd1 a5
48. Nc2 Rf6 49. b4 fxg3 50. bxa5 Bf4 51. Ne3 Rf8 52. Rh1 bxa5 53. Nd5 Be6 54.
Nxf4 exf4 55. Qd4+ Qf6 56. Rd1 Qxd4 57. Rxd4 g5 58. Rxd6 Bxc4 59. Bd5 Bxd5 60.
Rxd5 gxh4 61. Rxa5 Rc8 62. Rxh5 Rc2+ 63. Kg1 Rh2 64. Rg5+ Kf6 65. Rf5+ Ke6 66.
Rxf4 Ke5 67. Rg4 Kd4 68. a4 Ke3 69. e5 Kxf3 70. Rb4 Re2 71. Rb3+ Kg4 72. Rb4+
Kh3 73. Kf1 g2+ 74. Kxe2 g1=Q 75. Re4 Qb1 76. Kf3 Qb3+ 77. Kf4 Qf7+ 78. Kg5
Qe7+ 79. Kf5 Kg3 80. Re3+ Kf2 81. Rh3 Kg2 82. Re3 h3 83. a5 Qf7+ 84. Kg5 Qe6
85. a6 h2 86. a7 Qe7+ 87. Kf5 Qxa7 88. Re2+ Kg3 89. Rxh2 Kxh2 0-1

[Event "Zalakarosi Sakkfesztivál open"]
[Site "Zalakaros"]
[Date "2018.05.25"]
[Round "1.33"]
[White "Veleski, Robert"]
[Black "Pater, Peter"]
[Result "1-0"]
[WhiteElo "2225"]
[BlackElo "1808"]
[PlyCount "103"]
[EventDate "2018.05.25"]
[EventType "swiss"]
[EventRounds "9"]
[EventCountry "HUN"]

1. c4 Nf6 2. Nc3 d6 3. g3 g6 4. Bg2 Bg7 5. d3 O-O 6. e3 c5 7. Nge2 Nc6 8. O-O
Nd7 9. a3 f5 10. Rb1 a5 11. b3 Nf6 12. Bb2 e5 13. Nb5 Na7 14. Nec3 Nxb5 15.
Nxb5 Kh8 16. f4 Re8 17. Qd2 Qb6 18. Kh1 Bd7 19. a4 Bc6 20. h3 Bxg2+ 21. Kxg2
Re7 22. Rbe1 Rae8 23. fxe5 dxe5 24. e4 fxe4 25. dxe4 Rd7 26. Qc2 Red8 27. Bc3
Qc6 28. Bxa5 b6 29. Bc3 Bh6 30. Rf2 Qe6 31. Ref1 Nh5 32. a5 Rd3 33. Rf3 Rxf3
34. Rxf3 Kg8 35. Nc7 Qd6 36. Nd5 bxa5 37. Bxa5 Rf8 38. Bc7 Qe6 39. Bb6 Qd6 40.
Qf2 Rxf3 41. Qxf3 Bf8 42. Qf2 Qc6 43. Bc7 Bd6 44. Bxd6 Qxd6 45. b4 cxb4 46. c5
Qa6 47. c6 Kg7 48. c7 b3 49. Ne7 b2 50. Qxb2 Qd3 51. Qf2 Qxe4+ 52. Kh2 1-0

[Event "Zalakarosi Sakkfesztivál open"]
[Site "Zalakaros"]
[Date "2018.05.25"]
[Round "1.34"]
[White "Bakos, Balazs"]
[Black "Jamrich, Gyorgy"]
[Result "1-0"]
[WhiteElo "1799"]
[BlackElo "2213"]
[PlyCount "79"]
[EventDate "2018.05.25"]
[EventType "swiss"]
[EventRounds "9"]
[EventCountry "HUN"]

1. e4 c6 2. d4 d5 3. e5 Bf5 4. Nf3 e6 5. Be2 Ne7 6. O-O Bg6 7. Nbd2 Nf5 8. Nb3
Nd7 9. c3 h5 10. Bg5 Be7 11. Bxe7 Qxe7 12. Qd2 O-O-O 13. a4 Nh4 14. Na5 Nxf3+
15. Bxf3 f6 16. exf6 gxf6 17. b4 Nb8 18. b5 Qc7 19. Nb3 Bf5 20. Be2 Rdg8 21.
Kh1 h4 22. Ra2 Rxg2 23. Kxg2 Rg8+ 24. Kh1 Bh3 25. f4 Qg7 26. Bf3 Bxf1 27. Qf2
Bc4 28. Rb2 Nd7 29. bxc6 bxc6 30. Na5 Nb6 31. Nxc6 Qd7 32. a5 Qxc6 33. axb6
axb6 34. Qxh4 Qa4 35. Qh7 Rd8 36. Rxb6 Qd7 37. Qb1 Qc7 38. Rxe6 Rg8 39. Rxf6
Re8 40. Bg4+ 1-0

[Event "Zalakarosi Sakkfesztivál open"]
[Site "Zalakaros"]
[Date "2018.05.25"]
[Round "1.35"]
[White "Suta, Andraz"]
[Black "Jerabek, Jan"]
[Result "1/2-1/2"]
[WhiteElo "2212"]
[BlackElo "1796"]
[PlyCount "88"]
[EventDate "2018.05.25"]
[EventType "swiss"]
[EventRounds "9"]
[EventCountry "HUN"]

1. e4 Nf6 2. e5 Nd5 3. d4 d6 4. c4 Nb6 5. exd6 exd6 6. h3 Be7 7. Nf3 O-O 8. Bd3
Bf6 9. Be3 c5 10. O-O Qc7 11. Nc3 Bd7 12. a3 a6 13. Rc1 Nc6 14. Nd5 Nxd5 15.
cxd5 Ne7 16. Qb3 b6 17. Rfd1 Bf5 18. Qc2 Bxd3 19. Qxd3 Qb7 20. Bg5 Bxg5 21.
Nxg5 Ng6 22. dxc5 bxc5 23. b3 a5 24. Qg3 Rad8 25. h4 h6 26. h5 hxg5 27. hxg6
fxg6 28. Qxg5 Rf6 29. Rd3 Rdf8 30. f3 Qd7 31. Rc4 Qb5 32. Qd2 Qb6 33. Qe3 Qb7
34. Re4 Kf7 35. Qe1 Rf5 36. Qc3 Kg8 37. Qc4 Qf7 38. Re6 Rf4 39. Qc2 Rd8 40. Qe2
c4 41. bxc4 Rxc4 42. Rd1 Rh4 43. Re7 Qf4 44. Re6 Kh7 {...} 1/2-1/2

[Event "Zalakarosi Sakkfesztivál open"]
[Site "Zalakaros"]
[Date "2018.05.25"]
[Round "1.36"]
[White "Lukacs, Anna Kata"]
[Black "Hardicsay, Peter"]
[Result "0-1"]
[WhiteElo "1790"]
[BlackElo "2211"]
[PlyCount "104"]
[EventDate "2018.05.25"]
[EventType "swiss"]
[EventRounds "9"]
[EventCountry "HUN"]

1. e4 c6 2. d4 d5 3. exd5 cxd5 4. c4 Nf6 5. Nc3 e6 6. Nf3 Be7 7. Bd3 O-O 8. O-O
dxc4 9. Bxc4 Nc6 10. a3 a6 11. Bd3 b5 12. Bg5 Bb7 13. Rc1 Rc8 14. Bb1 b4 15.
axb4 Nxb4 16. Ne5 h6 17. Bf4 Nfd5 18. Bd2 a5 19. Qg4 f5 20. Qg3 Bg5 21. Bxg5
Qxg5 22. Qxg5 hxg5 23. Nd7 Rfe8 24. Nc5 Bc6 25. Nxe6 Rxe6 26. Bxf5 Rce8 27.
Bxe6+ Rxe6 28. Ra1 Nf4 29. f3 a4 30. Rae1 Rd6 31. Rd1 Rg6 32. h3 Rd6 33. Rfe1
Nbd3 34. Re7 Nxb2 35. Rb1 a3 36. Ra7 Nc4 37. Rb8+ Kh7 38. d5 Bxd5 39. Nxd5 Rxd5
40. Rbb7 Ne6 41. Re7 Ra5 42. Rxa5 Nxa5 43. Ra7 Nc4 44. Kf2 Nf4 45. Ra4 Nd3+ 46.
Kf1 Nc5 47. Ra7 Nb3 48. Ra4 Nba5 49. Ke2 Kg6 50. Rb4 a2 51. Ra4 Nb3 52. Kd3
Nb2+ 0-1

[Event "Zalakarosi Sakkfesztivál open"]
[Site "Zalakaros"]
[Date "2018.05.25"]
[Round "1.37"]
[White "Kincs, Imre"]
[Black "Lacha, Jan"]
[Result "1-0"]
[WhiteElo "2210"]
[BlackElo "1786"]
[PlyCount "115"]
[EventDate "2018.05.25"]
[EventType "swiss"]
[EventRounds "9"]
[EventCountry "HUN"]

1. d4 e6 2. c4 d5 3. Nf3 f5 4. Nc3 c6 5. Bf4 Bd6 6. e3 Nf6 7. Bxd6 Qxd6 8. c5
Qe7 9. Ne5 Nbd7 10. f4 O-O 11. Bd3 Nxe5 12. fxe5 Ng4 13. Qf3 Qg5 14. Ke2 Bd7
15. h3 Nh6 16. g3 Be8 17. Kd2 Bh5 18. Qf2 b5 19. a4 b4 20. Na2 a5 21. Raf1 Qe7
22. Nc1 g5 23. Nb3 Bg6 24. Qe2 g4 25. h4 Bh5 26. Rh2 Be8 27. Rhf2 Bd7 28. Kc2
Bc8 29. e4 dxe4 30. Bxe4 Ba6 31. Bd3 Bxd3+ 32. Qxd3 Qd7 33. Nd2 Rfd8 34. Rf4
Nf7 35. Nc4 Qd5 36. b3 Ra7 37. Nb6 Qg2+ 38. R4f2 Qe4 39. Qxe4 fxe4 40. Rd1 Nh6
41. Rf4 Rf7 42. Rxe4 Rf3 43. Rd3 Rf2+ 44. Kd1 Rdf8 45. Nc4 R8f3 46. Rxf3 Rxf3
47. Nxa5 Rxg3 48. Ke2 Rc3 49. Nxc6 Rxb3 50. a5 Rb2+ 51. Kd3 g3 52. a6 g2 53.
Re1 Nf5 54. Rg1 Nxh4 55. a7 Ra2 56. Kc4 Kf7 57. Kxb4 Ke8 58. Na5 1-0

[Event "Zalakarosi Sakkfesztivál open"]
[Site "Zalakaros"]
[Date "2018.05.25"]
[Round "1.38"]
[White "Karacsonyi, Kata"]
[Black "Czupor, Attila"]
[Result "1/2-1/2"]
[WhiteElo "1776"]
[BlackElo "2209"]
[PlyCount "90"]
[EventDate "2018.05.25"]
[EventType "swiss"]
[EventRounds "9"]
[EventCountry "HUN"]

1. e4 e5 2. Nf3 Nc6 3. Bb5 a6 4. Bxc6 dxc6 5. O-O Bg4 6. h3 Bh5 7. g4 Bg6 8.
Nxe5 Qh4 9. Qf3 f6 10. Nxg6 hxg6 11. Kg2 Bd6 12. d3 Ne7 13. Rh1 g5 14. Be3 Ng6
15. Qe2 Qh7 16. Nd2 Qg8 17. Nf3 Qe6 18. a3 O-O-O 19. b4 Rxh3 20. Nd4 Rxh1 21.
Rxh1 Qa2 22. Nf5 Qxa3 23. Rh7 Bf8 24. Bd2 Qa2 25. Qd1 Qg8 26. Rh1 Qe6 27. Rh7
Qg8 28. Rh1 Bd6 29. Be3 Bxb4 30. Qb1 Bd6 31. Nxd6+ Rxd6 32. Qb4 Qe6 33. f3 Qe5
34. Qc4 Nh4+ 35. Kf2 Qe6 36. Qc5 Qa2 37. Rc1 Rxd3 38. Qa7 Rd6 39. Qa8+ Kd7 40.
Qxb7 Qa5 41. Qb3 Qe5 42. Qf7+ Kc8 43. Ke2 Rd7 44. Qa2 a5 45. Rb1 Qh2+ 1/2-1/2

[Event "Zalakarosi Sakkfesztivál open"]
[Site "Zalakaros"]
[Date "2018.05.25"]
[Round "1.39"]
[White "Karacsonyi, Gellert"]
[Black "Rabovszky, Gyorgy"]
[Result "1-0"]
[WhiteElo "2208"]
[BlackElo "1770"]
[PlyCount "71"]
[EventDate "2018.05.25"]
[EventType "swiss"]
[EventRounds "9"]
[EventCountry "HUN"]

1. e4 a6 2. d4 b5 3. Nf3 Bb7 4. Bd3 e6 5. O-O c5 6. dxc5 Bxc5 7. Nc3 Ne7 8. Ng5
Nbc6 9. Kh1 h6 10. Nxf7 Kxf7 11. Qh5+ Ng6 12. Qxc5 Nce5 13. f4 Nxd3 14. cxd3 d6
15. Qf2 Rf8 16. Be3 Kg8 17. Qg3 Kh7 18. f5 exf5 19. Kg1 b4 20. exf5 Nh4 21. Bd4
Qg5 22. Qxg5 hxg5 23. Ne4 Nxf5 24. Nxg5+ Kg6 25. Ne6 Rh8 26. Nf4+ Kg5 27. Bb6
Rac8 28. Rae1 Rc2 29. Re6 Rh6 30. Bd8+ Rf6 31. Bxf6+ gxf6 32. Re2 Rxe2 33. Nxe2
Ne3 34. h4+ Kg6 35. h5+ Kxh5 36. Rxf6 1-0

[Event "Zalakarosi Sakkfesztivál open"]
[Site "Zalakaros"]
[Date "2018.05.25"]
[Round "1.40"]
[White "Tatarintsev, Mikhail"]
[Black "Kareva, Natalia"]
[Result "0-1"]
[WhiteElo "1770"]
[BlackElo "2206"]
[PlyCount "82"]
[EventDate "2018.05.25"]
[EventType "swiss"]
[EventRounds "9"]
[EventCountry "HUN"]

1. e4 c5 2. c4 g6 3. Nf3 Bg7 4. Nc3 Nc6 5. g3 d6 6. Bg2 Bg4 7. O-O Qd7 8. Qa4
Nd4 9. Nxd4 Qxa4 10. Nxa4 Bxd4 11. Re1 O-O-O 12. Nc3 Bd7 13. d3 Nf6 14. Be3
Bxe3 15. Rxe3 Ng4 16. Ree1 Ne5 17. Re3 Nc6 18. Rc1 g5 19. Nd5 Rdg8 20. a3 e6
21. Nf6 Rg6 22. Nxd7 Kxd7 23. Rb1 Nd4 24. b4 b6 25. e5 Rc8 26. Kf1 dxe5 27.
Rxe5 Kd6 28. Ree1 g4 29. h4 h5 30. Rb2 f5 31. Kg1 Rf6 32. Re3 e5 33. Bd5 f4 34.
Re1 fxg3 35. fxg3 Nf3+ 36. Bxf3 Rxf3 37. Kg2 Rxd3 38. Rbe2 Re8 39. bxc5+ bxc5
40. a4 Rd4 41. Rb1 Rxc4 0-1

[Event "Zalakarosi Sakkfesztivál open"]
[Site "Zalakaros"]
[Date "2018.05.26"]
[Round "2.1"]
[White "Pribelszky, Bence"]
[Black "Nemeth, Miklos"]
[Result "0-1"]
[WhiteElo "2187"]
[BlackElo "2491"]
[PlyCount "104"]
[EventDate "2018.05.25"]
[EventType "swiss"]
[EventRounds "9"]
[EventCountry "HUN"]

1. e4 e5 2. Nf3 Nc6 3. Bc4 Nf6 4. d3 h6 5. O-O d6 6. d4 Bg4 7. d5 Nd4 8. Be2
Nxe2+ 9. Qxe2 c6 10. c4 Be7 11. Qd3 O-O 12. Nfd2 Nh5 13. Nc3 Nf4 14. Qg3 h5 15.
h3 Be2 16. Re1 h4 17. Qh2 Bh5 18. Nf3 Nd3 19. Re3 Nb4 20. Ne1 Bg5 21. g4 hxg3
22. Rxg3 Bh4 23. Be3 cxd5 24. cxd5 f5 25. exf5 Rxf5 26. Rg4 e4 27. Ng2 Bf6 28.
Rxe4 Nxd5 29. Nxd5 Rxd5 30. Nf4 Rg5+ 31. Kf1 Be5 32. Qh1 Qd7 33. Nxh5 Qb5+ 34.
Ke1 Qxb2 35. Rd1 Bc3+ 36. Bd2 Bxd2+ 37. Rxd2 Qc1+ 38. Rd1 Qc3+ 39. Kf1 Rxh5 40.
Re3 Qc4+ 41. Red3 Rf8 42. Qxb7 Rb5 43. Qxa7 Rb1 44. Kg2 Qe4+ 45. Kh2 Rxd1 46.
Rxd1 Qe2 47. Rg1 Rxf2+ 48. Kg3 Rf3+ 49. Kh4 Qe4+ 50. Kh5 Qh7+ 51. Kg5 Qf5+ 52.
Kh4 Rxh3# 0-1

[Event "Zalakarosi Sakkfesztivál open"]
[Site "Zalakaros"]
[Date "2018.05.26"]
[Round "2.2"]
[White "Horvath, Adam"]
[Black "Bozinovic, Bogdan"]
[Result "1-0"]
[WhiteElo "2481"]
[BlackElo "2176"]
[PlyCount "59"]
[EventDate "2018.05.25"]
[EventType "swiss"]
[EventRounds "9"]
[EventCountry "HUN"]

1. e4 c5 2. Nf3 d6 3. d4 cxd4 4. Nxd4 Nf6 5. Nc3 a6 6. h4 Nbd7 7. g4 d5 8. exd5
Nb6 9. Bg2 Bxg4 10. Qd3 Qd7 11. Nb3 Rd8 12. O-O Qc7 13. d6 exd6 14. Bg5 Be7 15.
Rfe1 O-O 16. Rxe7 Qxe7 17. Qd4 h6 18. Bxf6 Qxf6 19. Qxg4 d5 20. Rd1 Rfe8 21. a4
d4 22. Rxd4 Re1+ 23. Kh2 Qe5+ 24. Kh3 Rxd4 25. Qxd4 Qf5+ 26. Kh2 Nd7 27. Nd5
Qxc2 28. Nd2 Re2 29. Ne4 Kh8 30. Ndc3 1-0

[Event "Zalakarosi Sakkfesztivál open"]
[Site "Zalakaros"]
[Date "2018.05.26"]
[Round "2.3"]
[White "Chernyshov, Konstantin"]
[Black "Medancic, Rikard"]
[Result "1/2-1/2"]
[WhiteElo "2478"]
[BlackElo "2164"]
[PlyCount "72"]
[EventDate "2018.05.25"]
[EventType "swiss"]
[EventRounds "9"]
[EventCountry "HUN"]

1. c4 b6 2. e4 Bb7 3. Nc3 e5 4. d3 Bc5 5. g3 Nf6 6. Bg2 Nc6 7. Nf3 d6 8. O-O
O-O 9. h3 Nd4 10. Nh4 Nd7 11. Ne2 Nxe2+ 12. Qxe2 Re8 13. Kh2 Nf8 14. f4 exf4
15. Bxf4 Rb8 16. Nf5 Bc8 17. Qd2 Bxf5 18. exf5 Bd4 19. Bc6 Nd7 20. Qg2 Re7 21.
Bg5 Bf6 22. Bxf6 Nxf6 23. Rae1 h5 24. Qf3 a6 25. a4 a5 26. Kg2 d5 27. Bxd5 Nxd5
28. cxd5 h4 29. Re4 Rxe4 30. dxe4 Qf6 31. b3 Re8 32. Re1 hxg3 33. Qxg3 Qb2+ 34.
Kg1 Qd4+ 35. Qe3 Rxe4 36. Qxd4 Rxd4 1/2-1/2

[Event "Zalakarosi Sakkfesztivál open"]
[Site "Zalakaros"]
[Date "2018.05.26"]
[Round "2.4"]
[White "Boguszlavszkij, Jevgenyij"]
[Black "Astaneh Lopez, Alex"]
[Result "0-1"]
[WhiteElo "2173"]
[BlackElo "2446"]
[PlyCount "80"]
[EventDate "2018.05.25"]
[EventType "swiss"]
[EventRounds "9"]
[EventCountry "HUN"]

1. e4 c6 2. d4 d5 3. exd5 cxd5 4. Bd3 Nc6 5. Nf3 Bg4 6. c3 e6 7. Qb3 Qd7 8. Ne5
Nxe5 9. dxe5 Ne7 10. O-O Bf5 11. c4 Bxd3 12. Qxd3 Rc8 13. cxd5 Qxd5 14. Qe2 Nc6
15. Bf4 Nd4 16. Qd1 Qe4 17. Be3 Nc6 18. Nd2 Qxe5 19. Qb3 Qb8 20. Ne4 Be7 21.
Bc5 O-O 22. Rad1 Rfd8 23. Qe3 b6 24. Bxe7 Nxe7 25. Qg5 Ng6 26. h4 h6 27. Qg4
Qf4 28. Qxf4 Nxf4 29. g3 Nd3 30. Rd2 f5 31. Nc3 Nxb2 32. Rxd8+ Rxd8 33. Rb1 Rd2
34. Nb5 a5 35. Kg2 Kf7 36. Kf3 Nd1 37. Kg2 Rxf2+ 38. Kg1 Rd2 39. Nc7 Nb2 40.
Re1 Rd1 0-1

[Event "Zalakarosi Sakkfesztivál open"]
[Site "Zalakaros"]
[Date "2018.05.26"]
[Round "2.5"]
[White "Boronyak, Arpad"]
[Black "Czebe, Attila"]
[Result "1/2-1/2"]
[WhiteElo "2153"]
[BlackElo "2422"]
[PlyCount "51"]
[EventDate "2018.05.25"]
[EventType "swiss"]
[EventRounds "9"]
[EventCountry "HUN"]

1. e4 c5 2. Nc3 a6 3. g3 b5 4. Bg2 Bb7 5. d3 e6 6. Nf3 d5 7. exd5 exd5 8. O-O
d4 9. Re1+ Be7 10. Ne4 Kf8 11. Bf4 Nf6 12. Nxf6 Bxf6 13. Qe2 Nc6 14. Ne5 Bxe5
15. Bxe5 h5 16. h4 Qd7 17. Bf4 Rd8 18. Qd2 Nb4 19. Bxb7 Qxb7 20. Re4 Qd7 21.
Qe2 Nd5 22. Re1 g6 23. Qf3 Nxf4 24. Qxf4 Qd6 25. Qxd6+ Rxd6 26. Re7 1/2-1/2

[Event "Zalakarosi Sakkfesztivál open"]
[Site "Zalakaros"]
[Date "2018.05.26"]
[Round "2.6"]
[White "Horak, Jiri"]
[Black "Fancsy, Imre"]
[Result "1/2-1/2"]
[WhiteElo "2131"]
[BlackElo "2388"]
[PlyCount "143"]
[EventDate "2018.05.25"]
[EventType "swiss"]
[EventRounds "9"]
[EventCountry "HUN"]

1. d4 d5 2. c4 dxc4 3. e3 e6 4. Bxc4 a6 5. a4 Nf6 6. Nf3 c5 7. O-O Nc6 8. Nc3
Be7 9. Qe2 O-O 10. Rd1 Qc7 11. h3 Rd8 12. d5 exd5 13. Nxd5 Nxd5 14. Bxd5 Nb4
15. e4 Nxd5 16. exd5 Bf5 17. Qc4 b5 18. Qf4 Qxf4 19. Bxf4 bxa4 20. d6 Bf8 21.
Rd5 Be4 22. Rxc5 Bxd6 23. Bxd6 Rxd6 24. Rxa4 Bxf3 25. gxf3 Rb8 26. Rac4 Kf8 27.
b4 Rg6+ 28. Kf1 Rf6 29. Kg2 Rg6+ 30. Kf1 Rf6 31. Kg2 g6 32. Rc6 Rb6 33. Rc7 Kg7
34. Kg3 Rb5 35. R7c5 Rb7 36. Rc6 Rb6 37. Rc7 h6 38. f4 Rfd6 39. Re7 Rd3+ 40.
Re3 Rd2 41. Re7 Rb2 42. Ree4 Rd6 43. Rcd4 Rc6 44. Rc4 Rf6 45. Rcd4 h5 46. Rc4
Rd6 47. Rcd4 Rb6 48. Rc4 Rb3+ 49. Kg2 Kf6 50. Red4 Re6 51. Rd7 Kg7 52. Rcc7 Rf6
53. Rd4 Rb2 54. Kg3 h4+ 55. Kxh4 Rxf2 56. Kg4 Rg2+ 57. Kf3 Rb2 58. Rc5 Rb3+ 59.
Kg2 Re6 60. Re5 Kf6 61. Rxe6+ Kxe6 62. Kh2 Kf6 63. Rd6+ Kf5 64. Rxa6 Rxb4 65.
Kg3 Rb3+ 66. Kg2 Re3 67. Rb6 Re4 68. Kg3 Re3+ 69. Kg2 Re6 70. Rb3 Re4 71. Kg3
Ra4 72. Rb5+ 1/2-1/2

[Event "Zalakarosi Sakkfesztivál open"]
[Site "Zalakaros"]
[Date "2018.05.26"]
[Round "2.7"]
[White "Csonka, Attila Istvan"]
[Black "Kosztolanczi, Gyula"]
[Result "0-1"]
[WhiteElo "2372"]
[BlackElo "2130"]
[PlyCount "58"]
[EventDate "2018.05.25"]
[EventType "swiss"]
[EventRounds "9"]
[EventCountry "HUN"]

1. e4 d6 2. d4 Nf6 3. Nc3 e5 4. Nf3 Nbd7 5. Bc4 Be7 6. O-O O-O 7. Re1 c6 8. a4
b6 9. b3 a6 10. d5 c5 11. h3 h6 12. Nh4 Nxe4 13. Nxe4 Bxh4 14. Nxd6 Bxf2+ 15.
Kxf2 Qf6+ 16. Kg1 Qxd6 17. Bb2 f5 18. Qh5 Kh7 19. Rad1 e4 20. Qh4 g5 21. Qf2
Nf6 22. Qd2 Bd7 23. Bf1 Rf7 24. Qc3 Re8 25. Bxa6 f4 26. Bb5 f3 27. Rf1 Qg3 28.
Rf2 Bxb5 29. axb5 g4 0-1

[Event "Zalakarosi Sakkfesztivál open"]
[Site "Zalakaros"]
[Date "2018.05.26"]
[Round "2.8"]
[White "Ongut, Tamas Gunes"]
[Black "Szeberenyi, Adam"]
[Result "1/2-1/2"]
[WhiteElo "2130"]
[BlackElo "2372"]
[PlyCount "34"]
[EventDate "2018.05.25"]
[EventType "swiss"]
[EventRounds "9"]
[EventCountry "HUN"]

1. e4 d5 2. exd5 Qxd5 3. Nc3 Qd6 4. d4 Nf6 5. Nf3 c6 6. Ne5 Nbd7 7. Nc4 Qc7 8.
Qf3 Nb6 9. Bf4 Qd8 10. Be5 Bg4 11. Qg3 Be6 12. Ne3 Nbd5 13. Nexd5 Nxd5 14. Nxd5
Qxd5 15. c3 Qe4+ 16. Kd2 Bf5 17. Bd3 Qxd3+ 1/2-1/2

[Event "Zalakarosi Sakkfesztivál open"]
[Site "Zalakaros"]
[Date "2018.05.26"]
[Round "2.9"]
[White "Tompa, Janos"]
[Black "Kovacs, Judit"]
[Result "1-0"]
[WhiteElo "2372"]
[BlackElo "2127"]
[PlyCount "77"]
[EventDate "2018.05.25"]
[EventType "swiss"]
[EventRounds "9"]
[EventCountry "HUN"]

1. Nf3 d5 2. g3 Nf6 3. Bg2 c6 4. O-O Bf5 5. d3 e6 6. Nbd2 Be7 7. b3 h6 8. Bb2
O-O 9. Qe1 a5 10. e4 Bh7 11. a4 Na6 12. Qe2 Nb4 13. Ne1 Qb6 14. Kh1 Rfe8 15. f4
c5 16. e5 Nd7 17. g4 Qa6 18. c4 d4 19. Be4 f6 20. Bxh7+ Kxh7 21. exf6 Bxf6 22.
Ne4 Bd8 23. g5 e5 24. Qg4 Nf8 25. fxe5 Bc7 26. Nxc5 Qc6+ 27. Qe4+ Qxe4+ 28.
Nxe4 Rxe5 29. Bxd4 Ree8 30. Rf7 Be5 31. Bxe5 Rxe5 32. gxh6 Kxh6 33. Nf3 Ree8
34. Rxb7 Nxd3 35. Ng3 Ne6 36. Nf5+ Kh7 37. Rg1 Rg8 38. Ng5+ Nxg5 39. Rxg5 1-0

[Event "Zalakarosi Sakkfesztivál open"]
[Site "Zalakaros"]
[Date "2018.05.26"]
[Round "2.10"]
[White "Tatarintsev, Egor"]
[Black "Srinath, Rao S.V."]
[Result "0-1"]
[WhiteElo "2125"]
[BlackElo "2363"]
[PlyCount "100"]
[EventDate "2018.05.25"]
[EventType "swiss"]
[EventRounds "9"]
[EventCountry "HUN"]

1. d4 Nf6 2. c4 g6 3. Nc3 Bg7 4. e4 d6 5. f4 O-O 6. Nf3 c5 7. d5 e6 8. Be2 exd5
9. cxd5 Nbd7 10. e5 dxe5 11. fxe5 Ng4 12. e6 Nde5 13. Nxe5 Nxe5 14. O-O fxe6
15. d6 Rxf1+ 16. Bxf1 Nf7 17. Be3 b6 18. Qf3 Rb8 19. Rd1 Bb7 20. Qg4 Qd7 21.
Bb5 Bc6 22. Bxc6 Qxc6 23. Qxe6 Re8 24. Qc4 Rxe3 25. d7 Re6 26. d8=Q+ Nxd8 27.
Rxd8+ Kf7 28. Nb5 Be5 29. Nxa7 Qc7 30. Qd5 Bd4+ 31. Kf1 Qxh2 32. Rd7+ Kf6 33.
Qf3+ Kg5 34. Rd5+ Kh6 35. Qh3+ Qxh3 36. gxh3 Bxb2 37. Rd2 Bf6 38. a4 c4 39. Kf2
c3 40. Rc2 Re4 41. Nc8 Rxa4 42. Nxb6 Bd4+ 43. Kg3 Bxb6 44. Rxc3 Kg5 45. Rd3
Bc7+ 46. Kf3 Rf4+ 47. Kg2 h5 48. Rg3+ Rg4 49. hxg4 Bxg3 50. gxh5 Kxh5 0-1

[Event "Zalakarosi Sakkfesztivál open"]
[Site "Zalakaros"]
[Date "2018.05.26"]
[Round "2.11"]
[White "Ostovic, Matija"]
[Black "Bereczki, Janos"]
[Result "1-0"]
[WhiteElo "2352"]
[BlackElo "2099"]
[PlyCount "109"]
[EventDate "2018.05.25"]
[EventType "swiss"]
[EventRounds "9"]
[EventCountry "HUN"]

1. e4 e6 2. d4 d5 3. Nd2 c5 4. exd5 Qxd5 5. Ngf3 cxd4 6. Bc4 Qc5 7. O-O Nc6 8.
Qe2 Nf6 9. Nb3 Qb6 10. Rd1 Be7 11. Nbxd4 O-O 12. c3 a6 13. Nxc6 Qxc6 14. Bd3
Qc7 15. Bg5 Re8 16. Ne5 g6 17. Bc2 Nd5 18. Bxe7 Qxe7 19. Ng4 Nf6 20. Ne5 Nd7
21. Nc4 b5 22. Na5 Qc5 23. Be4 Ra7 24. b4 Qb6 25. a4 Rc7 26. Qf3 e5 27. Nc6 Nb8
28. a5 Qb7 29. Ne7+ Rcxe7 30. Bxb7 Bxb7 31. Qe3 Nd7 32. Qa7 Nf6 33. Qb6 Nd5 34.
Rxd5 Bxd5 35. Qxa6 Bc4 36. Qc6 Re6 37. Qd7 R8e7 38. Qd8+ Kg7 39. Qb8 Re8 40.
Qc7 R8e7 41. Qc5 Re8 42. a6 Ra8 43. a7 Ree8 44. Rd1 Rac8 45. Qb6 Re7 46. h4 Ra8
47. Ra1 h5 48. Ra6 Kh7 49. Qc5 Rd7 50. f3 Rd1+ 51. Kh2 Rd7 52. Qb6 Rdd8 53. Qc7
Re8 54. Rb6 Rec8 55. Qxc8 1-0

[Event "Zalakarosi Sakkfesztivál open"]
[Site "Zalakaros"]
[Date "2018.05.26"]
[Round "2.12"]
[White "Gaal, Zsoka"]
[Black "Krykun, Yuriy"]
[Result "1/2-1/2"]
[WhiteElo "2095"]
[BlackElo "2338"]
[PlyCount "119"]
[EventDate "2018.05.25"]
[EventType "swiss"]
[EventRounds "9"]
[EventCountry "HUN"]

1. Nf3 c5 2. g3 g6 3. Bg2 Bg7 4. d4 cxd4 5. Nxd4 Nc6 6. Nb3 d6 7. c4 Be6 8. c5
dxc5 9. Qxd8+ Rxd8 10. Nxc5 Bc8 11. Nc3 Nb4 12. O-O b6 13. Nb3 Ba6 14. Bf4 e5
15. Bg5 f6 16. Bd2 Ne7 17. Rac1 Kf7 18. Rfd1 Rd7 19. Be1 Rhd8 20. Rxd7 Rxd7 21.
a3 Nbc6 22. e3 Bc4 23. Nd2 Be6 24. Nb5 Bd5 25. Bxd5+ Rxd5 26. Nc4 Rd7 27. Nc3
f5 28. Rd1 Rxd1 29. Nxd1 Ke6 30. Nc3 e4 31. b3 Nd5 32. Nxd5 Kxd5 33. Kf1 b5 34.
Na5 Nd8 35. Bb4 Be5 36. Ke2 Bc7 37. Kd2 Ne6 38. h4 Nd8 39. Kc2 Bb6 40. Kd2 Nf7
41. Bc3 Nd8 42. Kc2 Ne6 43. Bb4 Ng7 44. Bc3 Ne8 45. Nb7 Kc6 46. Na5+ Kd7 47. a4
a6 48. axb5 axb5 49. b4 Bxa5 50. bxa5 Nc7 51. Kb3 Kc6 52. Bd4 Kb7 53. Kb4 Kc6
54. Kb3 Na6 55. Bb6 Kd6 56. Bd4 Kc6 57. Bb6 Kd6 58. Bd4 Kd7 59. Ba7 Kc6 60. Bb6
1/2-1/2